Handbook of computer crime investigation : forensic tools and technology
Αποθηκεύτηκε σε:
| Άλλοι συγγραφείς: | |
|---|---|
| Μορφή: | Βιβλίο |
| Γλώσσα: | English |
| Δημοσίευση: |
San Diego, Calif. :
Academic Press,
c2002.
|
| Θέματα: | |
| Ετικέτες: |
Προσθήκη ετικέτας
Δεν υπάρχουν, Καταχωρήστε ετικέτα πρώτοι!
|
MARC
| LEADER | 00000cam a2200000 i 4500 | ||
|---|---|---|---|
| 001 | 1/24919 | ||
| 008 | 020617s2002 cau ||| | eng|| | ||
| 020 | |a 0121631036 | ||
| 035 | |l 10067971 | ||
| 040 | |a GR-MyUA |b gre |e AACR2 | ||
| 041 | 0 | |a eng | |
| 082 | 0 | |a 363.25968 | |
| 245 | 1 | 0 | |a Handbook of computer crime investigation : |b forensic tools and technology / |c edited by Eoghan Casey. |
| 260 | |a San Diego, Calif. : |b Academic Press, |c c2002. | ||
| 300 | |a xiv, 448 σ. : |b εικ. ; |c 24 εκ. | ||
| 504 | |a Περιέχει βιβλιογραφικές αναφορές και ευρετήριο. | ||
| 650 | 0 | 0 | |a Computer crimes |x Investigation |x Handbooks, manuals, etc. |
| 650 | 0 | 0 | |a Evidence, Criminal |x Handbooks, manuals, etc. |
| 650 | 0 | 0 | |a Forensic sciences |x Handbooks, manuals, etc. |
| 700 | 1 | |a Casey, Eoghan, |e edt | |
| 852 | |a INST |b SAMOS |e 20020617 |h 363.25968 HAN |p 005300020062 |q 005300020062 |t BK |y 0 | ||
| 901 | |a BIBL3-2002-2 | ||
| 909 | |a Σ |b 102151 | ||
| 922 | |a 3ΕΛΗ |b 200202 |c ΤΠΕΣ |d ΠΑΠΑΣΩΤΗΡΙΟΥ | ||
| 950 | |a 133-2002-02-18 | ||
| 970 | |a ΚΟΣΙΕΡΗΣ |b ΧΡΗΣΤΟΣ |z 2002/07/02 | ||